[Event "SK Münster 2 - SV Letmathe 1"]
[Site "NRW-Klasse, Gruppe 1 2012/201"]
[Date "2013.03.10"]
[Round "7.8"]
[White "Niermann, Rainer"]
[Black "Pfleger, Sascha"]
[Result "1-0"]
[WhiteElo "2020"]
[BlackElo "2016"]
[PlyCount "127"]
[EventDate "2013.??.??"]
[WhiteTeam "SK Münster 2"]
[BlackTeam "SV Letmathe 1"]

1. e4 c5 2. Nc3 g6 3. g3 Bg7 4. Bg2 Nc6 5. d3 Nf6 6. f4 O-O 7. Nf3 d6 8. h3 Nd4
9. Ne2 Nxf3+ 10. Bxf3 d5 11. e5 Ne8 12. c3 Rb8 13. Qb3 Bf5 14. Be3 Nc7 15. Rd1
b6 16. g4 Be6 17. d4 f6 18. f5 fxe5 19. dxe5 d4 20. c4 Bxe5 21. Bh6 Bf7 22. Qd3
Qd6 23. Bxf8 Rxf8 24. Be4 b5 25. b3 bxc4 26. bxc4 Qa6 27. Rc1 g5 28. h4 Bf6 29.
hxg5 Bxg5 30. Rc2 h6 31. Qg3 Qb6 32. O-O Be3+ 33. Kg2 Ne8 34. Nf4 Nf6 35. Bd3
Qc6+ 36. Kh3 Ne4 37. Bxe4 Qxe4 38. Qg2 Qxg2+ 39. Kxg2 Bxf4 40. Rxf4 Be8 41. Kg3
Bc6 42. Rff2 Bb7 43. Kf4 Rd8 44. Rh2 Kg7 45. Rb2 Ba6 46. Rbe2 Rd7 47. Re5 Rc7
48. Ke4 Bxc4 49. Rc2 Bf1 50. Rexc5 Rd7 51. Rc7 Bg2+ 52. Kd3 Bf1+ 53. Kd2 Rd6
54. Rxe7+ Kf6 55. Rxa7 Bh3 56. Rh7 Kg5 57. Rg7+ Kf4 58. Rg6 Rd8 59. Rc1 Bxg4
60. Rf1+ Bf3 61. Rxh6 Kg5 62. Rg6+ Kf4 63. f6 Ke4 64. f7 1-0

[Event "SV Castrop-Rauxel 1 - Langenfelder SF 1"]
[Site "NRW-Klasse, Gruppe 1 2012/201"]
[Date "2013.03.10"]
[Round "7.1"]
[White "Weber, Peter"]
[Black "De Jong, Jan-Willem"]
[Result "0-1"]
[WhiteElo "2189"]
[BlackElo "2420"]
[PlyCount "68"]
[EventDate "2013.??.??"]
[WhiteTeam "Langenfelder SF 1"]
[BlackTeam "SV Castrop-Rauxel 1"]

1. e4 e5 2. Nf3 Nc6 3. Bb5 a6 4. Ba4 Nf6 5. O-O Be7 6. Re1 b5 7. Bb3 d6 8. c3
O-O 9. d4 Bg4 10. Be3 exd4 11. cxd4 Na5 12. Bc2 c5 13. dxc5 dxc5 14. Nbd2 Nc6
15. Rc1 Nb4 16. Bb1 c4 17. h3 Bh5 18. g4 Bg6 19. Ne5 Bd6 20. Nxg6 hxg6 21. Nf3
Re8 22. Bg5 Qc7 23. a3 Nc6 24. Rc3 Ne5 25. Nxe5 Bxe5 26. Bxf6 Bxf6 27. Rc2 Qf4
28. Qe2 Rad8 29. Qe3 Qxe3 30. fxe3 Rxe4 31. Rce2 Re6 32. Kg2 Red6 33. Be4 Rd2
34. Bb7 Bh4 0-1

[Event "SV Castrop-Rauxel 1 - Langenfelder SF 1"]
[Site "NRW-Klasse, Gruppe 1 2012/201"]
[Date "2013.03.10"]
[Round "7.2"]
[White "Van Eijk, Sander"]
[Black "Rechmann, Peter"]
[Result "1-0"]
[WhiteElo "2400"]
[BlackElo "2255"]
[PlyCount "171"]
[EventDate "2013.??.??"]
[WhiteTeam "SV Castrop-Rauxel 1"]
[BlackTeam "Langenfelder SF 1"]

1. e4 g6 2. d4 Bg7 3. Nc3 d6 4. Be3 a6 5. f4 e6 6. Nf3 Ne7 7. Qd2 Nd7 8. Bd3 c5
9. O-O-O Qa5 10. Kb1 Nc6 11. d5 Nd4 12. dxe6 fxe6 13. Nxd4 cxd4 14. Ne2 Qxd2
15. Bxd2 Nc5 16. Bb4 Bd7 17. g4 a5 18. Ba3 b5 19. b3 O-O 20. Rhf1 b4 21. Bb2
Nxd3 22. cxd3 e5 23. f5 d5 24. Ng3 dxe4 25. dxe4 Bf6 26. Bc1 Bh4 27. Bh6 Rfc8
28. g5 Rc3 29. fxg6 hxg6 30. Rf6 Bb5 31. Rxg6+ Kh7 32. Rg7+ Kh8 33. g6 Bxg3 34.
hxg3 Rxg3 35. Rh7+ Kg8 36. Rg7+ Kh8 37. Re7 Re8 38. Bg7+ Kg8 39. Rxe8+ Bxe8 40.
Bxe5 Rg5 41. Bf6 Rxg6 42. Bxd4 Rg4 43. e5 Re4 44. Rg1+ Kf7 45. Bb2 Re2 46. Rg5
Bc6 47. Rg1 Be4+ 48. Ka1 Ke6 49. Bd4 Rd2 50. Bb6 a4 51. Bc5 Bd5 52. Bxb4 Rc2
53. Kb1 Be4 54. Ka1 axb3 55. axb3 Kxe5 56. Bf8 Kd5 57. Rg4 Re2 58. Rh4 Kd4 59.
Bg7+ Kc5 60. Bc3 Bd5 61. Rh5 Re3 62. Kb2 Re2+ 63. Kc1 Kc6 64. b4 Be4 65. Bd2
Bd3 66. Rc5+ Kb6 67. Rd5 Bc4 68. Rg5 Bd3 69. Kd1 Rh2 70. Bf4 Rb2 71. Be3+ Kc6
72. Bc5 Rh2 73. Bd4 Rh4 74. Bc3 Rh2 75. Rc5+ Kb6 76. Bd4 Ka6 77. Ra5+ Kb7 78.
b5 Be4 79. Ra7+ Kc8 80. Re7 Bf3+ 81. Kc1 Bd5 82. b6 Bf3 83. Rc7+ Kb8 84. Be5
Re2 85. Bf4 Ka8 86. Ra7# 1-0

[Event "SV Castrop-Rauxel 1 - Langenfelder SF 1"]
[Site "NRW-Klasse, Gruppe 1 2012/201"]
[Date "2013.03.10"]
[Round "7.3"]
[White "Homuth, Wolfgang"]
[Black "Afek, Yochanan"]
[Result "0-1"]
[WhiteElo "2197"]
[BlackElo "2289"]
[PlyCount "100"]
[EventDate "2013.??.??"]
[WhiteTeam "Langenfelder SF 1"]
[BlackTeam "SV Castrop-Rauxel 1"]

1. e4 c5 2. c3 e6 3. d4 d5 4. e5 Bd7 5. Nf3 Qb6 6. Be2 Bb5 7. c4 Bxc4 8. Bxc4
Qb4+ 9. Nbd2 dxc4 10. a3 Qb5 11. O-O cxd4 12. Nxd4 Qa6 13. Qg4 Nh6 14. Qg3 Nc6
15. N2f3 O-O-O 16. Nxc6 Qxc6 17. Bxh6 gxh6 18. Rac1 Bc5 19. Qf4 b5 20. Qxf7
Rhg8 21. Qh5 Rd3 22. Kh1 Qe4 23. Qh3 Qg4 24. Qxg4 Rxg4 25. Rc2 Rg7 26. Re1 Rgd7
27. Kg1 Kb7 28. Kf1 Kb6 29. Re4 Ka5 30. b4+ cxb3 31. Rxc5 Rd1+ 32. Ke2 Kb6 33.
Rc8 b2 34. Rb4 b1=Q 35. Rxb1 Rxb1 36. Re8 Rb3 37. Rxe6+ Kb7 38. Rxh6 Rxa3 39.
e6 Re7 40. Nd4 b4 41. Kd2 Ra2+ 42. Ke1 Ra6 43. Rh4 Rb6 44. Rh3 a5 45. f4 a4 46.
f5 b3 47. f6 b2 48. fxe7 b1=Q+ 49. Kd2 Qb4+ 50. Kd3 Qxe7 0-1

[Event "SV Castrop-Rauxel 1 - Langenfelder SF 1"]
[Site "NRW-Klasse, Gruppe 1 2012/201"]
[Date "2013.03.10"]
[Round "7.4"]
[White "Kusnetsov, Mark"]
[Black "Reinemer, Frank"]
[Result "1/2-1/2"]
[WhiteElo "2202"]
[BlackElo "2169"]
[PlyCount "135"]
[EventDate "2013.??.??"]
[WhiteTeam "SV Castrop-Rauxel 1"]
[BlackTeam "Langenfelder SF 1"]

1. e4 Nf6 2. Nc3 d5 3. exd5 Nxd5 4. Bc4 e6 5. Nf3 Be7 6. O-O O-O 7. Re1 Bf6 8.
Ne4 Nd7 9. d4 h6 10. Bb3 Be7 11. c4 N5f6 12. Nc3 b6 13. Bf4 Bd6 14. Ne5 Bb7 15.
Bc2 c5 16. Nxf7 Rxf7 17. Bxd6 cxd4 18. Qxd4 Nf8 19. Rad1 Rc8 20. Bg3 Qe8 21.
Ba4 Bc6 22. Bxc6 Qxc6 23. b3 Rd7 24. Qe3 Rcd8 25. Qe2 Kf7 26. Rxd7+ Rxd7 27.
Rd1 a6 28. Rd3 Rxd3 29. Qxd3 N8d7 30. Qd6 Qxd6 31. Bxd6 e5 32. f3 Ke6 33. Ba3
g5 34. Bc1 e4 35. fxe4 Ke5 36. h4 gxh4 37. Bxh6 Nxe4 38. Nxe4 Kxe4 39. Bg5 Kd3
40. Bxh4 Kc3 41. Be7 Kb2 42. b4 Kxa2 43. c5 bxc5 44. bxc5 Kb3 45. c6 Nb6 46.
Bd8 Nc8 47. Kf2 Kc4 48. Ke3 a5 49. Kd2 Kd5 50. c7 Ke5 51. Kc2 Kf4 52. Bh4 Ke5
53. Kb3 Kd6 54. Bg3+ Kd7 55. Ka4 Nb6+ 56. Kxa5 Nd5 57. Bh2 Ne3 58. Kb6 Kc8 59.
g3 Nf1 60. g4 Nxh2 61. g5 Ng4 62. g6 Nf6 63. g7 Ng8 64. Kc6 Ne7+ 65. Kb6 Nd5+
66. Kc5 Nf6 67. Kc6 Ne8 68. g8=Q 1/2-1/2

[Event "SV Castrop-Rauxel 1 - Langenfelder SF 1"]
[Site "NRW-Klasse, Gruppe 1 2012/201"]
[Date "2013.03.10"]
[Round "7.5"]
[White "Vogelmann, Peter"]
[Black "Kartsev, Alexandr"]
[Result "0-1"]
[WhiteElo "2169"]
[BlackElo "2150"]
[PlyCount "76"]
[EventDate "2013.??.??"]
[WhiteTeam "Langenfelder SF 1"]
[BlackTeam "SV Castrop-Rauxel 1"]

1. e4 c6 2. d4 d5 3. exd5 cxd5 4. c4 Nf6 5. Nc3 g6 6. cxd5 Nxd5 7. Qb3 Nb6 8.
Bb5+ Bd7 9. a4 Bg7 10. Nf3 O-O 11. a5 Nc8 12. Be2 Nc6 13. a6 bxa6 14. O-O Rb8
15. Qd1 Bg4 16. d5 Nb4 17. Bxa6 Nxa6 18. Rxa6 Qc7 19. h3 Bd7 20. Nd4 Qc4 21.
Nc6 Rxb2 22. Nxe7+ Nxe7 23. Rxa7 Qxc3 24. Bxb2 Qxb2 25. Rxd7 Nf5 26. Qd3 Bd4
27. d6 Re8 28. Qc4 Rf8 29. Qd3 Qb6 30. Qf3 Nxd6 31. g4 Nc4 32. Qd5 Ne5 33. Rd6
Qb2 34. Kg2 Bc3 35. Kg3 g5 36. Ra6 Kg7 37. f4 gxf4+ 38. Rxf4 Be1+ 0-1

[Event "SV Castrop-Rauxel 1 - Langenfelder SF 1"]
[Site "NRW-Klasse, Gruppe 1 2012/201"]
[Date "2013.03.10"]
[Round "7.6"]
[White "Kartsev, Soel"]
[Black "Deppe, Arne"]
[Result "1-0"]
[WhiteElo "2167"]
[BlackElo "2113"]
[PlyCount "95"]
[EventDate "2013.??.??"]
[WhiteTeam "SV Castrop-Rauxel 1"]
[BlackTeam "Langenfelder SF 1"]

1. d4 Nf6 2. Nf3 d6 3. Nc3 Bg4 4. h3 Bxf3 5. exf3 Nbd7 6. Be3 g6 7. Qd2 h5 8.
Bc4 c6 9. a4 d5 10. Bd3 e6 11. O-O Qc7 12. Ne2 Bd6 13. c4 dxc4 14. Bxc4 Nb6 15.
Bb3 Nbd5 16. Nc3 Qb6 17. Bc2 Bb8 18. h4 a5 19. Ne4 Nd7 20. Ng5 Qb4 21. Qe2 O-O
22. g3 Re8 23. Ra3 Qe7 24. Bd2 Qf6 25. Rb3 b6 26. f4 Qxd4 27. f5 gxf5 28. Bxf5
N7f6 29. Bb1 Bc7 30. Rf3 Qxb2 31. Re1 Rad8 32. Kg2 Rd7 33. Ne4 Nxe4 34. Bxe4
Nf6 35. Rxf6 Qxf6 36. Bg5 Qh8 37. Bxc6 Red8 38. Bxd7 Rxd7 39. Qf3 Rd5 40. Rc1
Rc5 41. Rxc5 bxc5 42. Qc6 Be5 43. Qxc5 Bc3 44. Bd8 Bb4 45. Qg5+ Kf8 46. Bxa5
Be7 47. Qb5 f5 48. Qb8+ 1-0

[Event "SV Castrop-Rauxel 1 - Langenfelder SF 1"]
[Site "NRW-Klasse, Gruppe 1 2012/201"]
[Date "2013.03.10"]
[Round "7.7"]
[White "Weber, Franz-Josef"]
[Black "Sokalsky, Alexander"]
[Result "1/2-1/2"]
[WhiteElo "1989"]
[BlackElo "2218"]
[PlyCount "91"]
[EventDate "2013.??.??"]
[WhiteTeam "Langenfelder SF 1"]
[BlackTeam "SV Castrop-Rauxel 1"]

1. e4 c5 2. Nf3 a6 3. d4 cxd4 4. Nxd4 Nf6 5. Bd3 e5 6. Nb3 d6 7. O-O Be7 8. c4
Be6 9. Nc3 Nbd7 10. Qe2 Rc8 11. Nd5 O-O 12. Bd2 b6 13. h3 Re8 14. Be3 Nc5 15.
Nd2 a5 16. Nc3 Nfd7 17. Bc2 Nb8 18. a3 Nc6 19. Rab1 Bg5 20. b4 axb4 21. axb4
Bxe3 22. fxe3 Nd7 23. Nb5 Nf6 24. Rfd1 Qe7 25. Ba4 Red8 26. Nc3 Qa7 27. Bb5 Qb8
28. Nf3 Ne7 29. Qd3 Qc7 30. Nd2 Ra8 31. Ra1 Rxa1 32. Rxa1 h6 33. Ra6 Nc8 34.
Nf3 Rf8 35. Nd2 Rd8 36. Qc2 Rf8 37. Qa4 Qe7 38. Qd1 Qc7 39. Qe2 Ne7 40. Na4 Rb8
41. Qd3 Ng6 42. Nc3 Kh8 43. Nf3 Rc8 44. Nd2 Rb8 45. Ra1 Kg8 46. Nf3 1/2-1/2

[Event "SV Castrop-Rauxel 1 - Langenfelder SF 1"]
[Site "NRW-Klasse, Gruppe 1 2012/201"]
[Date "2013.03.10"]
[Round "7.8"]
[White "Friedl, Thomas"]
[Black "Balduan, Markus"]
[Result "0-1"]
[WhiteElo "2088"]
[BlackElo "2215"]
[PlyCount "42"]
[EventDate "2013.??.??"]
[WhiteTeam "SV Castrop-Rauxel 1"]
[BlackTeam "Langenfelder SF 1"]

1. d4 d5 2. Nc3 Bf5 3. f3 Nf6 4. Bg5 c6 5. e4 dxe4 6. Bc4 exf3 7. Nxf3 e6 8.
O-O Be7 9. Ne5 Bg6 10. Ne2 Nd5 11. Bxe7 Qxe7 12. Qd2 Nd7 13. Bxd5 cxd5 14. Nxg6
hxg6 15. Nf4 Nf6 16. Qd3 O-O-O 17. c4 dxc4 18. Rac1 Kb8 19. Rxc4 Qd6 20. g3 Nd7
21. Rd1 g5 0-1

[Event "SV Dinslaken 1 - SC Bocholt 1"]
[Site "NRW-Klasse, Gruppe 1 2012/201"]
[Date "2013.04.07"]
[Round "8.1"]
[White "Fuest, Martin"]
[Black "Trella, Thomas"]
[Result "1/2-1/2"]
[WhiteElo "2083"]
[BlackElo "2340"]
[Annotator "Doe,John"]
[PlyCount "60"]
[EventDate "2013.??.??"]
[WhiteTeam "SC Bocholt 1"]
[BlackTeam "SV Dinslaken 1"]

1. d4 e6 2. c4 f5 3. Nc3 Nf6 4. Bg5 Bb4 5. e3 h6 6. Bxf6 Bxc3+ 7. bxc3 Qxf6 8.
a4 a5 9. c5 O-O 10. f4 Nc6 11. Nf3 d6 12. cxd6 cxd6 13. Bb5 Ne7 14. c4 b6 15.
O-O Bb7 16. Rb1 Rac8 17. Qb3 $11 Rc7 18. Qa3 Rd8 19. Rbc1 Bxf3 20. gxf3 g5 21.
fxg5 hxg5 22. Kh1 Kf7 23. Rg1 f4 24. e4 Qxd4 25. Rxg5 Rg8 26. Rxg8 Nxg8 27. Rg1
Ne7 28. Qc1 Qf6 29. Qd2 e5 $11 30. Rd1 Nc8 1/2-1/2

[Event "SV Dinslaken 1 - SC Bocholt 1"]
[Site "NRW-Klasse, Gruppe 1 2012/201"]
[Date "2013.04.07"]
[Round "8.2"]
[White "Sielecki, Christof"]
[Black "Steiner, Karl"]
[Result "1-0"]
[WhiteElo "2362"]
[BlackElo "1974"]
[PlyCount "51"]
[EventDate "2013.??.??"]
[WhiteTeam "SV Dinslaken 1"]
[BlackTeam "SC Bocholt 1"]

1. d4 d5 2. c4 e6 3. Nf3 Nf6 4. g3 Be7 5. Bg2 O-O 6. Qc2 c6 7. O-O Nbd7 8. Nbd2
b6 9. e4 dxe4 10. Nxe4 Bb7 11. Rd1 Nxe4 12. Qxe4 Nf6 13. Qc2 Qc8 14. c5 b5 15.
a4 a6 16. Bg5 Qc7 17. Ne5 Nd5 18. Bxe7 Qxe7 19. Be4 g6 20. h4 f6 21. Nd3 Rad8
22. Qe2 Qg7 23. Bxd5 exd5 24. Re1 Qd7 25. Qf3 Kf7 26. Ne5+ 1-0

[Event "SV Dinslaken 1 - SC Bocholt 1"]
[Site "NRW-Klasse, Gruppe 1 2012/201"]
[Date "2013.04.07"]
[Round "8.3"]
[White "Liesmann, Karsten"]
[Black "Kern, Guido"]
[Result "0-1"]
[WhiteElo "1997"]
[BlackElo "2301"]
[PlyCount "136"]
[EventDate "2013.??.??"]
[WhiteTeam "SC Bocholt 1"]
[BlackTeam "SV Dinslaken 1"]

1. d4 e6 2. Nf3 c5 3. e3 Nf6 4. Bd3 d5 5. b3 Nc6 6. O-O Bd6 7. Bb2 O-O 8. a3 b6
9. Nbd2 Bb7 10. Ne5 Rc8 11. f4 Ne7 12. Qf3 b5 13. dxc5 Bxc5 14. g4 Ne4 15. Nxe4
dxe4 16. Bxe4 Bxe4 17. Qxe4 Qd2 18. Rfe1 Nd5 19. Nf3 Bxe3+ 20. Kh1 Qxc2 21. Qe5
f6 22. Qxe6+ Kh8 23. Qxd5 Qxb2 24. Rab1 Qc3 25. Qe4 Rce8 26. Ne5 Bb6 27. Qf3
Qxf3+ 28. Nxf3 Be3 29. f5 Kg8 30. Rbd1 Bb6 31. Kg2 Rxe1 32. Rxe1 Rd8 33. Re2
Rd3 34. Nd2 Be3 35. Nf1 Bf4 36. Re7 h5 37. h3 Rxb3 38. Rxa7 h4 39. Rb7 Bd6 40.
a4 bxa4 41. Rxb3 axb3 42. Nd2 b2 43. Kf3 Kf7 44. Ke4 Ke7 45. Kd5 Kd7 46. Nb1
Bg3 47. Nc3 Bf2 48. Nb1 Kc7 49. Na3 Bg1 50. Nb1 Kb6 51. Na3 Ka6 52. Kc4 Bh2 53.
Kb3 Be5 54. Kc2 Bd4 55. Nc4 Kb5 56. Nd6+ Kc5 57. Ne8 Kd5 58. Nxg7 Ke4 59. Ne6
Be5 60. Nf8 Kf3 61. Ng6 Bg3 62. Nf8 Kg2 63. Nd7 Kxh3 64. Nxf6 Kg2 65. g5 h3 66.
Ng4 Be5 67. g6 h2 68. Nxh2 Kxh2 0-1

[Event "SV Dinslaken 1 - SC Bocholt 1"]
[Site "NRW-Klasse, Gruppe 1 2012/201"]
[Date "2013.04.07"]
[Round "8.4"]
[White "Mundorf, Johannes"]
[Black "Gajic, Goran"]
[Result "1-0"]
[WhiteElo "2173"]
[BlackElo "1956"]
[PlyCount "155"]
[EventDate "2013.??.??"]
[WhiteTeam "SV Dinslaken 1"]
[BlackTeam "SC Bocholt 1"]

1. Nf3 Nf6 2. g3 e6 3. Bg2 d5 4. O-O Be7 5. c4 c6 6. d4 O-O 7. Qc2 Nbd7 8. b3
b6 9. Rd1 Bb7 10. Nc3 Rc8 11. e4 dxe4 12. Nxe4 Nxe4 13. Qxe4 Nf6 14. Qc2 Qc7
15. Bf4 Bd6 16. Bxd6 Qxd6 17. c5 bxc5 18. dxc5 Qc7 19. Nd2 Ba6 20. Ne4 Nd5 21.
a3 Rb8 22. Nd6 Rfd8 23. Rd4 Bc8 24. Rh4 h6 25. Qb2 Rxd6 26. cxd6 Qxd6 27. Rc1
Bd7 28. Rhc4 Nb6 29. R4c2 Nd5 30. Rc5 Rb6 31. b4 Qb8 32. Qd4 Be8 33. Be4 Ne7
34. Rd1 Nd5 35. Re1 Bd7 36. Bb1 Qc7 37. Qd3 Nf6 38. Rd1 Kf8 39. Qd4 Rb8 40. Be4
Nxe4 41. Qxe4 g6 42. Qh4 h5 43. Qf6 Rb5 44. Rc3 Rf5 45. Qh4 Qb6 46. Rc5 Rd5 47.
Rcxd5 exd5 48. Qd4 Qxd4 49. Rxd4 Ke7 50. Kf1 Kd6 51. Rf4 Be6 52. Ke2 c5 53.
bxc5+ Kxc5 54. Ra4 Kb6 55. Ke3 a5 56. Rd4 Kc5 57. f3 Bd7 58. h4 f5 59. Rd1 Bb5
60. Rd4 Bc4 61. g4 Kb5 62. gxh5 gxh5 63. Rf4 Ka4 64. Rxf5 Kxa3 65. Kd4 Kb2 66.
Rxh5 a4 67. Rh7 a3 68. Ra7 Be2 69. f4 a2 70. Kxd5 a1=Q 71. Rxa1 Kxa1 72. f5 Kb2
73. f6 Kc3 74. Ke6 Kd4 75. f7 Bc4+ 76. Kf6 Bxf7 77. Kxf7 Ke5 78. h5 1-0

[Event "SV Dinslaken 1 - SC Bocholt 1"]
[Site "NRW-Klasse, Gruppe 1 2012/201"]
[Date "2013.04.07"]
[Round "8.5"]
[White "Hunhoff, Sebastian"]
[Black "Cebulla, Konstantin"]
[Result "1/2-1/2"]
[WhiteElo "1804"]
[BlackElo "2142"]
[Annotator "Doe,John"]
[PlyCount "84"]
[EventDate "2013.??.??"]
[WhiteTeam "SC Bocholt 1"]
[BlackTeam "SV Dinslaken 1"]

1. c4 e6 2. Nc3 d5 3. cxd5 exd5 4. d4 c6 5. Bf4 Bf5 6. e3 Bd6 7. Bg3 Nf6 8. Bd3
Bxd3 9. Qxd3 O-O 10. Nf3 Re8 11. O-O Ne4 12. Bxd6 Qxd6 13. Ne5 Nd7 14. Nxd7 $11
Qxd7 15. b4 Re6 16. Nxe4 dxe4 17. Qe2 Rd8 18. a4 Qe7 19. b5 c5 20. dxc5 Qxc5
21. Rac1 Qe7 22. Rfd1 Red6 23. Rxd6 Qxd6 24. g3 g6 25. Qc4 Qe7 26. Qc7 Kf8 27.
Qxe7+ Kxe7 28. Rc4 f5 29. Kf1 Rd7 30. Ke2 Ke6 31. h4 Ke5 32. Rc5+ Kd6 33. Rc4
Ke5 34. Rc5+ Kd6 35. Rc4 Rc7 36. Rxc7 Kxc7 37. Kd2 Kb6 38. Kc3 Kc5 39. Kb3 h6
40. Kc3 a6 41. bxa6 bxa6 42. Kb3 a5 1/2-1/2

[Event "SV Dinslaken 1 - SC Bocholt 1"]
[Site "NRW-Klasse, Gruppe 1 2012/201"]
[Date "2013.04.07"]
[Round "8.6"]
[White "Neuer, Thomas"]
[Black "Wuestnienhaus, Andreas"]
[Result "1/2-1/2"]
[WhiteElo "2040"]
[BlackElo "1879"]
[Annotator "Doe,John"]
[PlyCount "62"]
[EventDate "2013.??.??"]
[WhiteTeam "SV Dinslaken 1"]
[BlackTeam "SC Bocholt 1"]

1. Nf3 Nf6 2. g3 c5 3. c4 Nc6 4. Bg2 d5 5. cxd5 Nxd5 6. O-O e5 7. d3 Be7 8. Nc3
Be6 9. Bd2 O-O 10. Nxd5 Bxd5 11. Bc3 f6 12. a4 Qd7 13. Nd2 Be6 14. Nc4 Rac8 15.
Qb3 b6 16. Rfc1 Nb4 17. h4 Kh8 18. Qd1 Nd5 19. Bd2 Rfd8 20. Kh2 Bf8 21. Qh1 Ne7
22. f4 exf4 23. Bxf4 Nd5 24. Bd2 Bd6 25. Nxd6 Qxd6 $11 26. Bf3 Qe7 27. Qg2 Bf7
28. Qf2 Re8 29. Rc2 a5 30. Rc4 Qd7 31. Rc2 Qe6 1/2-1/2

[Event "SV Dinslaken 1 - SC Bocholt 1"]
[Site "NRW-Klasse, Gruppe 1 2012/201"]
[Date "2013.04.07"]
[Round "8.7"]
[White "Stanik, Hans"]
[Black "Ossig, Rainer"]
[Result "0-1"]
[WhiteElo "2050"]
[BlackElo "2068"]
[PlyCount "102"]
[EventDate "2013.??.??"]
[WhiteTeam "SC Bocholt 1"]
[BlackTeam "SV Dinslaken 1"]

1. e4 e6 2. d3 c5 3. g3 Nc6 4. Bg2 Nge7 5. Nf3 g6 6. Nc3 Bg7 7. O-O d6 8. Be3
Nd4 9. Qd2 O-O 10. Nd1 Nxf3+ 11. Bxf3 e5 12. Bg2 Be6 13. Nc3 Rc8 14. Bh6 a6 15.
a4 b6 16. Bxg7 Kxg7 17. f4 f6 18. h3 Qd7 19. g4 b5 20. axb5 axb5 21. f5 Bg8 22.
Ne2 g5 23. Ra6 Nc6 24. Rfa1 Qb7 25. c3 Ra8 26. Rxa8 Rxa8 27. Rxa8 Qxa8 28. Kh2
Qa5 29. Kg3 Bf7 30. h4 h6 31. h5 Kf8 32. Kf2 Qa4 33. Bf3 Ke7 34. Nc1 b4 35. Bd1
Qa7 36. Kg2 bxc3 37. bxc3 Qa3 38. Ne2 d5 39. Qc1 Qa6 40. Qd2 c4 41. dxc4 Qxc4
42. exd5 Bxd5+ 43. Kg3 Qe4 44. Ng1 Qf4+ 45. Qxf4 gxf4+ 46. Kf2 Kd6 47. Ba4 e4
48. Bxc6 Bxc6 49. Ne2 e3+ 50. Ke1 f3 51. Nd4 Bd5 0-1

[Event "SV Dinslaken 1 - SC Bocholt 1"]
[Site "NRW-Klasse, Gruppe 1 2012/201"]
[Date "2013.04.07"]
[Round "8.8"]
[White "Jaeger, Martin"]
[Black "Naumann, Felix"]
[Result "1/2-1/2"]
[WhiteElo "2065"]
[BlackElo "1557"]
[PlyCount "120"]
[EventDate "2013.??.??"]
[WhiteTeam "SV Dinslaken 1"]
[BlackTeam "SC Bocholt 1"]

1. d4 Nf6 2. Nf3 g6 3. Nc3 Bg7 4. e4 d6 5. Be3 O-O 6. Qd2 e5 7. d5 Nbd7 8. h3
b6 9. Bh6 Nc5 10. Bxg7 Kxg7 11. Qe3 Ng8 12. g4 h6 13. O-O-O a6 14. Rg1 b5 15.
h4 b4 16. Ne2 a5 17. g5 h5 18. Nxe5 Qe7 19. Nc6 Qxe4 20. Qxe4 Nxe4 21. f3 Nc5
22. Nf4 Bf5 23. Bb5 Rfe8 24. Rde1 Rxe1+ 25. Rxe1 Kf8 26. Kd2 Bd7 27. Nd3 Nxd3
28. Kxd3 Bxc6 29. Bxc6 Rb8 30. Kc4 Ne7 31. Bd7 Rd8 32. Bh3 Rb8 33. Re2 Rb6 34.
Bd7 Rb8 35. f4 Nf5 36. Bxf5 gxf5 37. Re3 Rb6 38. Rb3 c5 39. dxc6 Rxc6+ 40. Kd3
Rc5 41. c3 bxc3 42. Rxc3 Rd5+ 43. Ke3 Rd1 44. Ra3 Rd5 45. Rd3 Rb5 46. b3 Ke7
47. Rd4 Ke6 48. Rc4 Rc5 49. Kd4 Rd5+ 50. Ke3 Rc5 51. Rxc5 dxc5 52. Kd3 Kd5 53.
a3 Kc6 54. Kc4 Kd6 55. a4 Kc6 56. Kc3 Kd6 57. Kd2 Ke7 58. Ke3 Kd6 59. Kd2 Ke7
60. Kc2 Kd6 1/2-1/2

[Event "SV Letmathe 1 - LSV Turm Lippstadt 1"]
[Site "NRW-Klasse, Gruppe 1 2012/201"]
[Date "2013.04.07"]
[Round "8.1"]
[White "Wehmeier, Stefan"]
[Black "Podzielny, Karl-Heinz"]
[Result "1-0"]
[WhiteElo "2388"]
[BlackElo "2366"]
[PlyCount "85"]
[EventDate "2013.??.??"]
[WhiteTeam "LSV Turm Lippstadt 1"]
[BlackTeam "SV Letmathe 1"]

1. e4 c5 2. Nf3 e6 3. c4 Qc7 4. Nc3 a6 5. b3 Nf6 6. Bb2 b6 7. e5 Ng4 8. d4 Nc6
9. h3 Nh6 10. d5 Nxe5 11. dxe6 dxe6 12. Nb5 axb5 13. Bxe5 Qb7 14. cxb5 Nf5 15.
Bd3 f6 16. Bc3 Nd6 17. O-O Qd7 18. a4 Bb7 19. Re1 Be7 20. Nd2 Bd5 21. Re3 Rd8
22. Qh5+ Nf7 23. Rae1 g6 24. Qe2 O-O 25. Nc4 Qb7 26. Rg3 Nh8 27. h4 Rf7 28. h5
g5 29. f4 h6 30. fxg5 hxg5 31. h6 e5 32. Nxe5 fxe5 33. Qxe5 Bf6 34. Rxg5+ Kf8
35. Qg3 Bxg5 36. Qxg5 Re7 37. Rf1+ Ke8 38. Bxh8 Bf7 39. Bg6 Qd5 40. Bxf7+ Rxf7
41. Re1+ Kf8 42. Bg7+ Kg8 43. h7+ 1-0

[Event "SV Letmathe 1 - LSV Turm Lippstadt 1"]
[Site "NRW-Klasse, Gruppe 1 2012/201"]
[Date "2013.04.07"]
[Round "8.2"]
[White "Adamski, Jan"]
[Black "Brenke, Andreas"]
[Result "1/2-1/2"]
[WhiteElo "2299"]
[BlackElo "2297"]
[PlyCount "118"]
[EventDate "2013.??.??"]
[WhiteTeam "SV Letmathe 1"]
[BlackTeam "LSV Turm Lippstadt 1"]

1. Nf3 g6 2. c4 Bg7 3. Nc3 c5 4. g3 Nc6 5. Bg2 d6 6. O-O Qd7 7. e3 Bxc3 8. bxc3
b6 9. e4 Bb7 10. d3 e6 11. Qe2 O-O-O 12. Nh4 Re8 13. f4 f5 14. Bd2 Nge7 15. Nf3
h6 16. Rae1 Rd8 17. Nh4 Rhe8 18. Bc1 Kc7 19. Kh1 Na5 20. Kg1 Qa4 21. exf5 exf5
22. Bxb7 Kxb7 23. Qg2+ Ka6 24. Re6 d5 25. Rfe1 dxc4 26. dxc4 Rd1 27. Qf3 Rxe1+
28. Rxe1 Nc8 29. Rxe8 Qxe8 30. Bd2 Nd6 31. Qd3 Naxc4 32. Nf3 Qa4 33. Be1 Qxa2
34. Ne5 b5 35. Nd7 Ne4 36. Qd5 Qe2 37. Qc6+ Ka5 38. Qc7+ Ka4 39. Qxa7+ Kb3 40.
Qa1 Ne3 41. Qb1+ Qb2 42. Qxb2+ Kxb2 43. Ne5 c4 44. Nxg6 Nxc3 45. Ne5 Ncd5 46.
h3 c3 47. Kf2 Nc4 48. Nd3+ Kc2 49. Ke2 b4 50. g4 fxg4 51. Nxb4+ Nxb4 52. hxg4
Nd2 53. g5 hxg5 54. fxg5 Nd3 55. Bg3 Ne4 56. Bc7 Nc1+ 57. Ke3 Nxg5 58. Ba5 Kb3
59. Bxc3 Kxc3 1/2-1/2

[Event "SV Letmathe 1 - LSV Turm Lippstadt 1"]
[Site "NRW-Klasse, Gruppe 1 2012/201"]
[Date "2013.04.07"]
[Round "8.3"]
[White "Fecke, Andreas"]
[Black "Webb, Laurence"]
[Result "0-1"]
[WhiteElo "2108"]
[BlackElo "2250"]
[PlyCount "106"]
[EventDate "2013.??.??"]
[WhiteTeam "LSV Turm Lippstadt 1"]
[BlackTeam "SV Letmathe 1"]

1. d4 Nf6 2. c4 e6 3. Nc3 Bb4 4. e3 c5 5. Nge2 cxd4 6. exd4 d5 7. a3 Be7 8. Nf4
dxc4 9. Bxc4 O-O 10. d5 e5 11. Nh5 Nbd7 12. Nxf6+ Nxf6 13. h3 Ne8 14. O-O Nd6
15. Ba2 f5 16. Qe2 Bf6 17. Nb5 a6 18. Nxd6 Qxd6 19. Bd2 a5 20. Rac1 Bd7 21.
Rfd1 Kh8 22. Bc3 h6 23. Re1 e4 24. Bxf6 Rxf6 25. Qe3 b6 26. Rc3 Re8 27. Qd4 Rd8
28. Rec1 Re8 29. Re1 Rff8 30. b4 axb4 31. Qxb4 Qxb4 32. axb4 Ra8 33. Bb3 Ra3
34. Rec1 Rf6 35. Rc7 Rd6 36. R1c3 Kh7 37. f3 exf3 38. Rxf3 Kg6 39. Kf2 Kf6 40.
Rcc3 g5 41. g3 Ra8 42. Rcd3 Re8 43. Rd4 Bb5 44. Re3 Rxe3 45. Kxe3 Ke5 46. Rd1
Rd8 47. Re1 Re8 48. Kd2+ Kd6 49. Rxe8 Bxe8 50. Kd3 Ke5 51. h4 gxh4 52. gxh4 Bf7
53. d6 Be6 0-1

[Event "SV Letmathe 1 - LSV Turm Lippstadt 1"]
[Site "NRW-Klasse, Gruppe 1 2012/201"]
[Date "2013.04.07"]
[Round "8.4"]
[White "Soukup, Jiri"]
[Black "Roemhild, Marcus"]
[Result "1-0"]
[WhiteElo "2278"]
[BlackElo "2037"]
[PlyCount "95"]
[EventDate "2013.??.??"]
[WhiteTeam "SV Letmathe 1"]
[BlackTeam "LSV Turm Lippstadt 1"]

1. e4 c5 2. a3 g6 3. Bc4 Bg7 4. Nc3 Nc6 5. Nf3 e6 6. d3 Nge7 7. Bg5 h6 8. Bf4
d5 9. Ba2 d4 10. Ne2 g5 11. Bg3 Ng6 12. h4 g4 13. Nd2 h5 14. Nf4 Nce5 15. Nc4
Nxc4 16. Bxc4 Ne5 17. Bb3 Bd7 18. f3 Qa5+ 19. Ke2 Qd8 20. Qg1 Bc6 21. Qh2 Qf6
22. Raf1 O-O-O 23. fxg4 Nxg4 24. Qh3 Qh6 25. Be1 Ne3 26. Nd5 Bxd5 27. exd5 Nxf1
28. Rxf1 Qe3+ 29. Qxe3 dxe3 30. Rxf7 Bxb2 31. dxe6 Rdf8 32. a4 Rxf7 33. exf7
Kd7 34. Kxe3 Ke7 35. Ke4 Rd8 36. Kf5 b6 37. Bd2 Rd6 38. Kg5 Kf8 39. Kxh5 Kg7
40. g4 Be5 41. g5 a6 42. g6 Kf8 43. Kg5 Bf6+ 44. Kf5 Bg7 45. Bg5 b5 46. axb5
axb5 47. h5 Rd4 48. Ke6 1-0